| 000 | 01319cam a2200349 i 4500 | ||
|---|---|---|---|
| 999 |
_c79590 _d316867 |
||
| 001 | 20104995 | ||
| 003 | MU | ||
| 005 | 20211229044744.0 | ||
| 008 | 171027s2019 moua b 001 0 eng | ||
| 020 |
_a9780323478212 _q(pbk. ; _qalk. paper) |
||
| 035 | _a(DNLM)101715639 | ||
| 040 |
_aDNLM/DLC _beng _cDLC _erda _dDLC |
||
| 050 | 0 | 0 |
_aRK652.5 _b.P47 2019 |
| 060 | 0 | 0 | _aWU 190 |
| 082 | 0 | 0 |
_a617.695 _bSRR _223 |
| 245 | 1 | 0 |
_aCraig's restorative dental materials / _cedited by Ronald Sakaguchi, DDS, Jack Ferracane, John Powers. |
| 250 | _aFourteenth edition. | ||
| 264 | 1 |
_aSt. Louis, Missouri : _bElsevier, _c[2019] |
|
| 300 |
_axii, 340 pages : _billustrations (some color) ; _c26 cm |
||
| 500 | _aEarliest editions bear the title: Restorative dental materials. | ||
| 504 | _aIncludes bibliographical references and index. | ||
| 650 | 0 |
_aDental materials. _988990 |
|
| 650 | 1 | 2 |
_aDental Materials _988991 |
| 650 | 2 | 2 |
_aDental Atraumatic Restorative Treatment _951843 |
| 700 | 1 |
_aSakaguchi, Ronald L., _eeditor. _951844 |
|
| 700 | 1 |
_aFerracane, Jack L., _eeditor. _988992 |
|
| 700 | 1 |
_aPowers, John M., _d1946- _eeditor. _988993 |
|
| 942 |
_2ddc _cBOOK |
||
| 130 | 0 |
_aRestorative dental materials. _988994 |
|
| 906 |
_a7 _bcbc _corignew _d1 _eecip _f20 _gy-gencatlg |
||